000
00281nam a2200121Ia 4500
100
_a
Philippakis/ A.S./ Kazmier/ L
942
_c
BK
654
_a
Cobol System
245
_a
Comprehensive Cobol System
260
_b
Mc Graw Hill
_a
Singapore
_c
1991
546
_a
ENGLISH
999
_c
22580
_d
22580